Cómo barcos en la noche
Saved in:
| Main Author: | |
|---|---|
| Format: | Book |
| Language: | Spanish |
| Published: |
Buenos Aires :
Riesa,
1983
|
| Subjects: |
| LEADER | 00527nam#a2200205#a#4500 | ||
|---|---|---|---|
| 001 | 005978 | ||
| 005 | 20160721143812.0 | ||
| 008 | 990706s1983####ag##################spa#d | ||
| 020 | |a 9506100128 | ||
| 040 | |a AR-beUNQ | ||
| 099 | |a 35-L25 | ||
| 100 | 1 | |a Labro, Philippe | |
| 245 | 0 | 2 | |a Cómo barcos en la noche |c Philippe Labro. |
| 260 | |a Buenos Aires : |b Riesa, |c 1983 | ||
| 300 | |a 350 p | ||
| 650 | 7 | |a LITERATURA (ARTE) |2 Spines | |
| 650 | 7 | |a NOVELA |2 toit | |
| 929 | |a COMPRA |b Peon |e 19990706 |j 26250 | ||
| 942 | |c LIB |n 0 | ||
| 999 | |c 8729 |d 84116 | ||